| 000 | 01568namaa22002651 4500 | ||
|---|---|---|---|
| 001 | 173807 | ||
| 003 | ES-MaACL | ||
| 005 | 20250824053552.0 | ||
| 007 | t| | ||
| 008 | 100122s1873 sp || |||| | spa d | ||
| 080 | _a78.089.1 | ||
| 100 | 1 |
_aGranés, Salvador María. _9127535 |
|
| 245 | 1 | 0 |
_aAbel y Caín _b: zarzuela en dos actos y en verso / _cletra de D. Salvador María Granés ; música del maestro Chapí. |
| 260 |
_aMadrid : _b[s.n.], _c1873 ( _fImp. de Gabriel Alhambra) |
||
| 300 |
_a49 p. ; _c20 cm. |
||
| 490 | 1 | _aBiblioteca dramática : colección de comedias y zarzuelas bufas y serias representadas con éxito en los teatros de Madrid y provincias | |
| 500 | _aEn la portada: "Representada con grán éxito, por primera vez, en el teatro del Circo el 14 de mayo de 1875" | ||
| 500 | _aSolo la letra. | ||
| 596 | _aEn la cubierta: "Se vende en Madrid, librería de Cuesta, calle de las Carretas, núm. 9 y S. Martín, Puerta del Sol; en provincias, en casa de sus corresponsales" | ||
| 700 | 1 |
_aChapí, Ruperto, _d1851-1909 _938014 |
|
| 830 | 0 | 0 |
_aBiblioteca dramática _9242024 |
| 852 |
_aES-MaACL _jF-8616(1) _z.- Enc. pasta española _q.- Falto de la cub. original _z.- Enc. en un vol. facticio formando parte de la col. facticia "Teatro español moderno", vol. 71 |
||
| 852 |
_aES-MaACL _jF-8616(2) _z.- Enc. pasta española _q.- Falto de la cub. original _z.- Enc. en un vol. facticio formando parte de la col. facticia "Teatro español moderno", vol. 71 _z.- Firma ms. de Gustavo Saenz Diez, 1877 |
||
| 999 |
_c173807 _d173807 |
||